| 000 | 00540nam a2200157 a 4500 | ||
|---|---|---|---|
| 008 | 120416s1985 ||||||||||||||||| || u | ||
| 020 | _a0070663629 | ||
| 050 | _aTK 5101 Ken | ||
| 100 | _aKennedy, George | ||
| 245 | 1 | 0 | _aElectronic communication systems. (3rd ed.) |
| 250 | _a3rd ed. | ||
| 260 |
_aNew York: _bMcGraw-Hill _c1985 |
||
| 300 | _axxii, 741p. : ill. | ||
| 350 | _a0.00 | ||
| 995 |
_D0.00 _FCBU-MAIN LIBRARY (Kitwe) _H1 _I2500.00 _M1 _ULOST _ZMain Library Open Access Collection |
||
| 999 |
_c41530 _d41530 |
||